[Event "Southend Easter op 61st"]
[Site "Southend"]
[Date "2017.04.14"]
[Round "2"]
[White "Hebbes, Tim"]
[Black "Bates, Richard"]
[Result "0-1"]
[WhiteElo "2101"]
[BlackElo "2369"]
[PlyCount "84"]
[EventDate "2017.04.14"]
[EventType "swiss"]
[EventRounds "7"]
[EventCountry "ENG"]
[SourceTitle "EXT 2018"]
[Source "ChessBase"]
[SourceDate "2017.10.13"]
[SourceVersion "1"]
[SourceVersionDate "2017.10.13"]
[SourceQuality "1"]

1. d4 Nf6 2. c4 e6 3. Nf3 Bb4+ 4. Bd2 a5 5. a3 Bxd2+ 6. Nbxd2 d6 7. e3 0-0 8. Bd3 Nc6 9. 0-0 Qe7 10. Qc2 e5 11. d5 Nb8 12. Ng5 h6 13. Nh7 Nxh7 14. Bxh7+ Kh8 15. Bf5 Bxf5 16. Qxf5 a4 17. Rae1 Nd7 18. f4 Nc5 19. Nf3 e4 20. Nd4 Ra6 21. Re2 Rb6 22. Qh5 Nd3 23. Rb1 Qf6 24. Qg4 Nc5 25. Qh3 Kg8 26. g4 Nd3 27. Qg3 c6 28. h4 g6 29. g5 Qg7 30. gxh6 Qxh6 31. h5 c5 32. Nb5 Qxh5 33. Rh2 Qf3 34. Qxf3 exf3 35. Rd2 Rxb5 36. cxb5 c4 37. Rc2 Rc8 38. Rd1 Re8 39. Rdd2 Rxe3 40. Rxc4 Re1+ 41. Kh2 Re2+ 42. Rxe2 fxe2 0-1

[Event "Southend Easter op 61st"]
[Site "Southend"]
[Date "2017.04.14"]
[Round "1"]
[White "Le Fevre, Stephen D"]
[Black "Hebbes, Tim"]
[Result "0-1"]
[WhiteElo "1771"]
[BlackElo "2101"]
[PlyCount "110"]
[EventDate "2017.04.14"]
[EventType "swiss"]
[EventRounds "7"]
[EventCountry "ENG"]
[SourceTitle "EXT 2018"]
[Source "ChessBase"]
[SourceDate "2017.10.13"]
[SourceVersion "1"]
[SourceVersionDate "2017.10.13"]
[SourceQuality "1"]

1. Nf3 Nf6 2. d4 e6 3. Bf4 c5 4. e3 Nc6 5. c3 a6 6. a4 cxd4 7. exd4 Be7 8. Nbd2 d6 9. Qc2 b6 10. h3 Bb7 11. Bd3 Rc8 12. Qb1 h6 13. 0-0 g5 14. Be3 g4 15. hxg4 Nxg4 16. Re1 d5 17. Bf4 Bd6 18. Bxd6 Qxd6 19. Bf5 Rg8 20. Bxg4 Rxg4 21. Qf5 Rg6 22. Qh5 Kd7 23. Ne5+ Nxe5 24. Qxe5 Qe7 25. Nf3 Rcg8 26. g3 f6 27. Qe3 Qd6 28. Kf1 a5 29. Qd3 Qc6 30. Qb5 Qxb5+ 31. axb5 Ra8 32. Re3 Kd6 33. Rae1 Re8 34. Nh4 Rg5 35. Nf3 Rg4 36. Nh4 Re4 37. f3 Rxe3 38. Rxe3 Rg8 39. Kf2 Bc8 40. b3 Bd7 41. c4 Rc8 42. cxd5 Kxd5 43. Ng6 Rc2+ 44. Ke1 Kxd4 45. Re4+ Kc5 46. Nf8 Bc8 47. Nxe6+ Kd6 48. Nd4 Rc5 49. Rf4 Re5+ 50. Kd2 Kc5 51. Nc6 Rd5+ 52. Kc3 Rf5 53. Rc4+ Kd6 54. f4 Rc5 55. Nd4 Bd7 0-1

[Event "London Classic op 8th"]
[Site "London"]
[Date "2016.12.13"]
[Round "6"]
[White "Mohnblatt, Daniel"]
[Black "Hebbes, Tim"]
[Result "0-1"]
[WhiteElo "1769"]
[BlackElo "2113"]
[PlyCount "56"]
[EventDate "2016.12.09"]
[EventType "swiss"]
[EventRounds "9"]
[EventCountry "ENG"]
[SourceTitle "CBM 176 Extra"]
[Source "ChessBase"]
[SourceDate "2017.03.02"]
[SourceVersion "1"]
[SourceVersionDate "2017.03.02"]
[SourceQuality "1"]

1. d4 d5 2. Nf3 e6 3. e3 c5 4. c3 Nf6 5. Bd3 Nc6 6. Nbd2 Qc7 7. 0-0 b6 8. Re1 Bb7 9. e4 cxd4 10. cxd4 dxe4 11. Nxe4 Nd5 12. a3 g6 13. Be3 Bg7 14. Rc1 0-0 15. Bb5 Rac8 16. Re2 Qb8 17. Rec2 Nxe3 18. fxe3 Nxd4 19. Rxc8 Nxf3+ 20. gxf3 Rxc8 21. Rxc8+ Qxc8 22. b4 Be5 23. Bd3 Qd8 24. Qe2 Qh4 25. f4 Bg7 26. Nd6 Bd5 27. Nc8 e5 28. Qf2 Qg4+ 0-1

[Event "Southend op 60th"]
[Site "Southend"]
[Date "2016.03.25"]
[Round "2"]
[White "Hebbes, Tim"]
[Black "Hebden, Mark"]
[Result "0-1"]
[WhiteElo "2106"]
[BlackElo "2471"]
[PlyCount "46"]
[EventDate "2016.03.25"]
[EventType "swiss"]
[EventRounds "7"]
[EventCountry "ENG"]
[SourceTitle "CBM 171 Extra"]
[Source "ChessBase"]
[SourceDate "2016.04.26"]
[SourceVersion "1"]
[SourceVersionDate "2016.04.26"]
[SourceQuality "1"]

1. Nf3 Nf6 2. g3 g6 3. Bg2 Bg7 4. 0-0 0-0 5. c4 d6 6. Nc3 Nc6 7. d3 e5 8. Bg5 h6 9. Bd2 Be6 10. e4 Nd7 11. Nd5 a5 12. Bc3 Nc5 13. Re1 Nd4 14. b4 axb4 15. Bxb4 Bg4 16. Rb1 c6 17. Bxc5 dxc5 18. Ne3 Bc8 19. Rb2 Ra3 20. Bf1 Qa5 21. Nxd4 cxd4 22. Nc2 Rxa2 23. Rb3 Rxc2 0-1

[Event "Southend op 58th"]
[Site "Southend"]
[Date "2014.04.18"]
[Round "2"]
[White "Hebbes, Tim"]
[Black "Pert, Richard G"]
[Result "0-1"]
[WhiteElo "2114"]
[BlackElo "2434"]
[PlyCount "56"]
[EventDate "2014.04.18"]
[EventType "swiss"]
[EventRounds "7"]
[EventCountry "ENG"]
[SourceTitle "EXT 2016"]
[Source "ChessBase"]
[SourceDate "2015.10.08"]
[SourceVersion "1"]
[SourceVersionDate "2015.10.08"]
[SourceQuality "1"]

1. Nf3 d5 2. e3 Nf6 3. c4 e6 4. Nc3 c5 5. cxd5 exd5 6. d4 Nc6 7. dxc5 Bxc5 8. Be2 0-0 9. 0-0 Re8 10. b3 a6 11. Bb2 Ba7 12. Rc1 Qd6 13. g3 Bh3 14. Re1 Rad8 15. Nd4 Nxd4 16. exd4 b5 17. Qd3 Re6 18. Bf3 Rde8 19. Re2 Rxe2 20. Nxe2 Qe6 21. Qd1 Bb8 22. Rc3 Qf5 23. Bc1 b4 24. Rd3 h5 25. Bf4 Bg4 26. Bxg4 hxg4 27. Bxb8 Rxb8 28. Rd2 Ne4 0-1

[Event "Southend op 58th"]
[Site "Southend"]
[Date "2014.04.18"]
[Round "1"]
[White "Hebbes, Tim"]
[Black "White, Graham C"]
[Result "1-0"]
[WhiteElo "2114"]
[BlackElo "1821"]
[PlyCount "47"]
[EventDate "2014.04.18"]
[EventType "swiss"]
[EventRounds "7"]
[EventCountry "ENG"]
[SourceTitle "EXT 2016"]
[Source "ChessBase"]
[SourceDate "2015.10.08"]
[SourceVersion "1"]
[SourceVersionDate "2015.10.08"]
[SourceQuality "1"]

1. Nf3 c5 2. g3 Nc6 3. Bg2 e6 4. c4 Nf6 5. 0-0 Be7 6. Nc3 0-0 7. d4 d6 8. d5 exd5 9. cxd5 Ne5 10. Nxe5 dxe5 11. b3 Bd6 12. e4 a6 13. Kh1 b5 14. f4 Bg4 15. Qc2 b4 16. Na4 Bd7 17. Nb2 Bb5 18. Nc4 Bxc4 19. Qxc4 Nd7 20. Bb2 f6 21. Bh3 a5 22. Qe2 g6 23. Qg4 Ra7 24. Qe6+ 1-0

[Event "London Classic op 5th"]
[Site "London"]
[Date "2013.12.13"]
[Round "7"]
[White "Hebbes, Tim"]
[Black "Osborne, Marcus E"]
[Result "1-0"]
[WhiteElo "2104"]
[BlackElo "2286"]
[PlyCount "127"]
[EventDate "2013.12.07"]
[EventType "swiss"]
[EventRounds "9"]
[EventCountry "ENG"]
[SourceTitle "CBM 157 Extra"]
[Source "ChessBase"]
[SourceDate "2013.12.19"]
[SourceVersion "1"]
[SourceVersionDate "2013.12.19"]
[SourceQuality "1"]

1. Nf3 Nf6 2. g3 g6 3. Bg2 Bg7 4. 0-0 0-0 5. d4 d6 6. c4 Nbd7 7. Nc3 e5 8. dxe5 dxe5 9. e4 c6 10. b3 Qe7 11. a4 Nc5 12. Ba3 a5 13. Qc2 b6 14. Rad1 Bg4 15. h3 Bxf3 16. Bxf3 Rfd8 17. Kg2 Bf8 18. Bb2 h5 19. h4 Ne6 20. Ne2 Nd7 21. Kh2 Qf6 22. Bg2 Ndc5 23. f4 Rxd1 24. Rxd1 Rd8 25. Bxe5 Qe7 26. Bc3 Rd7 27. Nd4 Nxf4 28. Nxc6 Qe8 29. gxf4 Rxd1 30. Qxd1 Qxc6 31. Qd4 f6 32. e5 Qc8 33. exf6 Qf5 34. Bd5+ Ne6 35. Bxe6+ Qxe6 36. Qd5 Kf7 37. Kg3 Bc5 38. Kf3 Bg1 39. Be5 Bc5 40. Bc3 Bg1 41. Bb2 Bc5 42. Ba1 Bg1 43. Bc3 Bc5 44. Bb2 Bg1 45. Qb7+ Ke8 46. Qb8+ Kd7 47. Qa7+ Ke8 48. Qa8+ Kf7 49. Qb7+ Ke8 50. f7+ Kf8 51. Ba3+ Bc5 52. Bxc5+ bxc5 53. Qa8+ Kxf7 54. Qd5 Qxd5+ 55. cxd5 Ke7 56. Ke3 Kd7 57. Kd3 Kc7 58. Kc3 Kd7 59. Kc4 Kd6 60. Kb5 Kxd5 61. Kxa5 Ke4 62. Kb6 Kxf4 63. a5 g5 64. hxg5 1-0

[Event "London Classic op 5th"]
[Site "London"]
[Date "2013.12.08"]
[Round "2"]
[White "Whatley, Stephen Arthur"]
[Black "Hebbes, Tim"]
[Result "0-1"]
[WhiteElo "1852"]
[BlackElo "2104"]
[PlyCount "60"]
[EventDate "2013.12.07"]
[EventType "swiss"]
[EventRounds "9"]
[EventCountry "ENG"]
[SourceTitle "CBM 157 Extra"]
[Source "ChessBase"]
[SourceDate "2013.12.19"]
[SourceVersion "1"]
[SourceVersionDate "2013.12.19"]
[SourceQuality "1"]

1. e4 e6 2. d4 d5 3. Nc3 Nf6 4. Bg5 Be7 5. e5 Nfd7 6. h4 h6 7. Bxe7 Qxe7 8. Qg4 Kf8 9. f4 c5 10. Nf3 Nc6 11. 0-0-0 a6 12. dxc5 Nxc5 13. Qh3 b5 14. Nd4 Nxd4 15. Rxd4 b4 16. Nd1 a5 17. Kb1 g6 18. g4 Bd7 19. Rg1 Rc8 20. f5 exf5 21. Qg3 Ne4 22. Qf4 Qc5 23. c3 bxc3 24. bxc3 Nxc3+ 25. Nxc3 Qxc3 26. e6 Bxe6 27. Bd3 Kg7 28. Bc4 dxc4 29. Qe5+ Kh7 30. Rd5 Rb8+ 0-1

[Event "London Classic op 4th"]
[Site "London"]
[Date "2012.12.06"]
[Round "6"]
[White "Faldon, David J"]
[Black "Hebbes, Tim"]
[Result "0-1"]
[WhiteElo "1938"]
[BlackElo "2111"]
[PlyCount "76"]
[EventDate "2012.12.01"]
[EventType "swiss"]
[EventRounds "9"]
[EventCountry "ENG"]
[SourceTitle "CBM 151 Extra"]
[Source "ChessBase"]
[SourceDate "2012.12.18"]
[SourceVersion "1"]
[SourceVersionDate "2012.12.18"]
[SourceQuality "1"]

1. d4 Nf6 2. Bf4 e6 3. e3 b6 4. Nf3 Bb7 5. Nbd2 d6 6. Bd3 c5 7. c3 Nc6 8. Qe2 Be7 9. h3 a6 10. 0-0 h6 11. Bh2 g5 12. e4 g4 13. hxg4 Nxg4 14. d5 Nxh2 15. Kxh2 Nb8 16. dxe6 fxe6 17. Nc4 b5 18. Ne3 Qc7 19. g3 Nd7 20. a4 c4 21. Bc2 Nc5 22. axb5 axb5 23. Nd4 Qb6 24. Rxa8+ Bxa8 25. Ra1 Bb7 26. Qh5+ Kd7 27. Qg4 h5 28. Qg7 Rf8 29. Kg1 Nxe4 30. Nxc4 Qc5 31. Ne3 Nxf2 32. Ra5 Nh3+ 33. Kh2 Ng5 34. Rxb5 Rf2+ 35. Ng2 Rxg2+ 36. Kh1 Qxb5 37. Nxb5 Rf2+ 38. Kg1 Nh3# 0-1

[Event "Uxbridge e2e4 op"]
[Site "Denham"]
[Date "2011.03.20"]
[Round "4"]
[White "Pleasants, Allan J"]
[Black "Hebbes, Tim"]
[Result "0-1"]
[WhiteElo "2056"]
[BlackElo "2121"]
[PlyCount "60"]
[EventDate "2011.03.18"]
[EventType "swiss"]
[EventRounds "5"]
[EventCountry "ENG"]
[SourceTitle "CBM 141 Extra"]
[Source "ChessBase"]
[SourceDate "2011.05.03"]
[SourceVersion "1"]
[SourceVersionDate "2011.05.03"]
[SourceQuality "1"]

1. Nf3 Nf6 2. d4 c5 3. dxc5 e6 4. Be3 Na6 5. Bd4 Nxc5 6. e3 b6 7. Nc3 a6 8. Be2 Bb7 9. a4 d6 10. Bxf6 gxf6 11. Nd4 Bxg2 12. Rg1 Bb7 13. Bh5 Qd7 14. Qe2 Ne4 15. Nd1 f5 16. a5 b5 17. Bf3 Rc8 18. Bxe4 Bxe4 19. Nc3 Bb7 20. 0-0-0 b4 21. Nb1 Qa4 22. Qh5 Be4 23. b3 Qxb3 24. Rd2 Qa2 25. f3 b3 26. Rgg2 b2+ 27. Kd1 Qxb1+ 28. Ke2 Bd5 29. e4 Bc4+ 30. Ke3 Qe1+ 0-1

[Event "Uxbridge e2e4 op"]
[Site "Denham"]
[Date "2011.03.19"]
[Round "3"]
[White "Hebbes, Tim"]
[Black "Taylor, Martin R"]
[Result "0-1"]
[WhiteElo "2121"]
[BlackElo "2321"]
[PlyCount "44"]
[EventDate "2011.03.18"]
[EventType "swiss"]
[EventRounds "5"]
[EventCountry "ENG"]
[SourceTitle "CBM 141 Extra"]
[Source "ChessBase"]
[SourceDate "2011.05.03"]
[SourceVersion "1"]
[SourceVersionDate "2011.05.03"]
[SourceQuality "1"]

1. d4 d5 2. Nf3 Nf6 3. c4 c6 4. Nc3 e6 5. Bg5 dxc4 6. e4 b5 7. e5 h6 8. Bh4 g5 9. Nxg5 hxg5 10. Bxg5 Nbd7 11. exf6 Qa5 12. h4 Bb7 13. Qc2 0-0-0 14. 0-0-0 Nb6 15. Kb1 c5 16. Be3 b4 17. dxc5 Bxc5 18. Rxd8+ Rxd8 19. Ne4 b3 20. axb3 Rd1+ 21. Qxd1 Bxe4+ 22. Kc1 Bb4 0-1

[Event "London Classic op"]
[Site "London"]
[Date "2010.12.15"]
[Round "9"]
[White "Slavin, Alexei"]
[Black "Hebbes, Tim"]
[Result "1-0"]
[WhiteElo "2425"]
[BlackElo "2108"]
[PlyCount "111"]
[EventDate "2010.12.08"]
[EventType "swiss"]
[EventRounds "9"]
[EventCountry "ENG"]
[SourceTitle "CBM 139 Extra"]
[Source "ChessBase"]
[SourceDate "2011.01.05"]
[SourceVersion "1"]
[SourceVersionDate "2011.01.05"]
[SourceQuality "1"]

1. d4 Nf6 2. Nf3 e6 3. e3 c5 4. Bd3 d5 5. b3 b6 6. 0-0 Nc6 7. Bb2 Bb7 8. Nbd2 Rc8 9. a3 Bd6 10. dxc5 bxc5 11. e4 Be7 12. Re1 d4 13. Nc4 Nd7 14. e5 Nb6 15. Nfd2 Nxc4 16. Nxc4 Na5 17. Qg4 g6 18. Nd2 Nc6 19. Rad1 Qc7 20. Nf3 Rd8 21. Bc1 Rd5 22. Qg3 Bc8 23. Bh6 Rg8 24. h4 Qa5 25. Bd2 Qb6 26. Bc4 Rd8 27. Bg5 Bb7 28. Qf4 Qc7 29. Bxe7 Nxe7 30. Bb5+ Bc6 31. Bxc6+ Nxc6 32. Ng5 h6 33. Ne4 Rh8 34. Nxc5 Rd5 35. Qf6 Rh7 36. Nd3 Qe7 37. Qf4 Qxa3 38. Ra1 Qe7 39. Ra6 Qc7 40. Qe4 Rg7 41. Rea1 Rg8 42. R1a4 Nd8 43. Rxd4 Rb5 44. Qa8 Rb8 45. Qf3 Kf8 46. Qf6 Nc6 47. Rc4 Rb6 48. Rxb6 Qxb6 49. Nc5 Ke8 50. Nxe6 Ne7 51. Nc7+ Kf8 52. e6 Rg7 53. Qf4 Kg8 54. Ne8 Qxe6 55. Nxg7 Kxg7 56. Qe3 1-0

[Event "London Classic op"]
[Site "London"]
[Date "2010.12.13"]
[Round "6"]
[White "Hebbes, Tim"]
[Black "Getz, Nicolai"]
[Result "0-1"]
[WhiteElo "2108"]
[BlackElo "2317"]
[PlyCount "116"]
[EventDate "2010.12.08"]
[EventType "swiss"]
[EventRounds "9"]
[EventCountry "ENG"]
[SourceTitle "CBM 139 Extra"]
[Source "ChessBase"]
[SourceDate "2011.01.05"]
[SourceVersion "1"]
[SourceVersionDate "2011.01.05"]
[SourceQuality "1"]

1. Nf3 Nf6 2. g3 d5 3. Bg2 c6 4. 0-0 Bf5 5. d3 h6 6. c4 e6 7. cxd5 exd5 8. Qb3 Qb6 9. Qxb6 axb6 10. Nc3 Bc5 11. e4 Be6 12. a3 0-0 13. Bf4 b5 14. Rfe1 Nbd7 15. Be3 Bxe3 16. Rxe3 b4 17. exd5 Nxd5 18. Nxd5 Bxd5 19. Ree1 Nc5 20. Ne5 bxa3 21. Rxa3 Rxa3 22. bxa3 Bxg2 23. Kxg2 Ra8 24. Rc1 Ne6 25. Rb1 f6 26. Nf3 Rxa3 27. Rxb7 Rxd3 28. Re7 Nf8 29. Rc7 Rd6 30. Nh4 g6 31. Nf3 Nd7 32. h4 h5 33. Ng1 Kf7 34. Ne2 Ke6 35. Rc8 Kf5 36. Rxc6 Rd2 37. Rc2 Rd5 38. Nf4 Rd6 39. Ne2 Ne5 40. Ng1 Rd3 41. Re2 g5 42. hxg5 fxg5 43. f4 gxf4 44. gxf4 Ng4 45. Nh3 h4 46. Nf2 Rg3+ 47. Kh1 Ne3 48. Nd3 Ke4 49. Ne1 Kf5 50. Nd3 h3 51. Ne1 Ng4 52. Nc2 Rd3 53. Ne1 Rd1 54. Kg1 Kxf4 55. Re8 Kg3 56. Kf1 Rd2 57. Rf8 Rf2+ 58. Rxf2 Nxf2 0-1

[Event "London Classic op"]
[Site "London"]
[Date "2010.12.12"]
[Round "5"]
[White "Britton, Richard"]
[Black "Hebbes, Tim"]
[Result "1/2-1/2"]
[WhiteElo "2229"]
[BlackElo "2108"]
[PlyCount "93"]
[EventDate "2010.12.08"]
[EventType "swiss"]
[EventRounds "9"]
[EventCountry "ENG"]
[SourceTitle "CBM 139 Extra"]
[Source "ChessBase"]
[SourceDate "2011.01.05"]
[SourceVersion "1"]
[SourceVersionDate "2011.01.05"]
[SourceQuality "1"]

1. e4 e6 2. d3 d5 3. Nd2 Nf6 4. Ngf3 b6 5. g3 dxe4 6. dxe4 Bb7 7. Qe2 Ba6 8. c4 Nc6 9. Bg2 e5 10. 0-0 Nd4 11. Qd1 Nxf3+ 12. Bxf3 Bb7 13. Qc2 Bd6 14. Rd1 0-0 15. Nf1 Qc8 16. Be3 Qe6 17. c5 bxc5 18. Bxc5 Bxc5 19. Qxc5 Bxe4 20. Bxe4 Nxe4 21. Qxc7 Qf5 22. Qc2 Nxg3 23. Qxf5 Nxf5 24. Rd5 f6 25. Kg2 Rad8 26. Ra5 Rd7 27. Rc1 Rb8 28. b3 Kf7 29. Rc6 Rbb7 30. Ng3 Nxg3 31. hxg3 Ke7 32. Kf3 Rbc7 33. Rxc7 Rxc7 34. Ke4 Rd7 35. f3 h6 36. Ra6 Kf7 37. Kf5 Re7 38. b4 h5 39. b5 g6+ 40. Ke4 f5+ 41. Ke3 Kg7 42. a4 Kh6 43. Rc6 e4 44. f4 Rd7 45. Ra6 Rd3+ 46. Ke2 Rd7 47. Ke3 1/2-1/2

[Event "Southend op"]
[Site "Southend"]
[Date "2009.04.13"]
[Round "7"]
[White "Hebbes, Tim"]
[Black "Ledger, Stephen C"]
[Result "1-0"]
[WhiteElo "2107"]
[BlackElo "2140"]
[PlyCount "111"]
[EventDate "2009.04.10"]
[EventType "swiss"]
[EventRounds "7"]
[EventCountry "ENG"]
[SourceTitle "CBM 130 Extra"]
[Source "ChessBase"]
[SourceDate "2009.07.02"]
[SourceVersion "2"]
[SourceVersionDate "2009.07.15"]
[SourceQuality "1"]

1. c4 e5 2. g3 Nc6 3. Bg2 g6 4. Nc3 d6 5. e4 Bg7 6. Nge2 Nge7 7. d3 0-0 8. 0-0 Be6 9. Nd5 Qd7 10. f4 f5 11. Rb1 Rab8 12. b4 Nd4 13. Nxe7+ Qxe7 14. Nxd4 exd4 15. Re1 Qd7 16. Rb2 c6 17. Rbe2 Rfe8 18. Bf3 fxe4 19. Rxe4 Bf5 20. Rxe8+ Rxe8 21. Rxe8+ Qxe8 22. g4 Bd7 23. Qe2 Qxe2 24. Bxe2 Kf7 25. Kf2 c5 26. b5 b6 27. a4 Be6 28. Bf3 Bf6 29. Bd2 Ke7 30. a5 Kf7 31. a6 Bh4+ 32. Ke2 Bd8 33. h3 Kf6 34. Be1 Kf7 35. Bc6 h5 36. Kf3 hxg4+ 37. hxg4 Be7 38. Be4 Bd8 39. Bg3 Be7 40. Bh2 Kg7 41. Bg1 Kf6 42. Bf2 Kf7 43. f5 gxf5 44. gxf5 Bd7 45. Bd5+ Kg7 46. Ke4 Bg5 47. Be6 Be8 48. Kd5 Bh5 49. Kc6 Be2 50. Kb7 Bxd3 51. Kxa7 Be4 52. Kxb6 d3 53. Be1 d2 54. Bxd2 Bxd2 55. a7 Be3 56. Kc7 1-0